Classroom behaviour : (Record no. 99797)
[ view plain ]
| 000 -LEADER | |
|---|---|
| fixed length control field | 00717nam a22002177a 4500 |
| 003 - CONTROL NUMBER IDENTIFIER | |
| control field | URS |
| 005 - DATE AND TIME OF LATEST TRANSACTION | |
| control field | 20260407141105.0 |
| 008 - FIXED-LENGTH DATA ELEMENTS--GENERAL INFORMATION | |
| fixed length control field | 260407b |||||||| |||| 00| 0 eng d |
| 020 ## - INTERNATIONAL STANDARD BOOK NUMBER | |
| International Standard Book Number | 9781446295335 |
| 040 ## - CATALOGING SOURCE | |
| Transcribing agency | URS |
| 050 ## - LIBRARY OF CONGRESS CALL NUMBER | |
| Classification number | LB 2013 |
| Item number | .R6313 2015 |
| 100 ## - MAIN ENTRY--PERSONAL NAME | |
| Personal name | Rogers, Bill |
| 245 ## - TITLE STATEMENT | |
| Title | Classroom behaviour : |
| Remainder of title | A Practical guide to effective teaching, behaviour management and colleague support / |
| Statement of responsibility, etc | Bill Rogers |
| 250 ## - EDITION STATEMENT | |
| Edition statement | 4th Edition.-- |
| 260 ## - PUBLICATION, DISTRIBUTION, ETC. (IMPRINT) | |
| Place of publication, distribution, etc | California : |
| Name of publisher, distributor, etc | SAGE Publication Ltd , |
| Date of publication, distribution, etc | ©2015. |
| 300 ## - PHYSICAL DESCRIPTION | |
| Extent | viii, 324 pages : |
| Other physical details | illustrations ; |
| Dimensions | 23 cm. |
| 504 ## - BIBLIOGRAPHY, ETC. NOTE | |
| Bibliography, etc | Includes bibliographical references. |
| 650 ## - SUBJECT ADDED ENTRY--TOPICAL TERM | |
| Topical term or geographic name as entry element | Classroom Management |
| 650 ## - SUBJECT ADDED ENTRY--TOPICAL TERM | |
| Topical term or geographic name as entry element | Behaviour Modification |
| 942 ## - ADDED ENTRY ELEMENTS (KOHA) | |
| Source of classification or shelving scheme | Library of Congress Classification |
| Koha item type | Foreign Books |
| Withdrawn status | Lost status | Source of classification or shelving scheme | Damaged status | Not for loan | Collection code | Home library | Current library | Shelving location | Date acquired | Source of acquisition | Total Checkouts | Full call number | Barcode | Date last seen | Copy number | Price effective from | Koha item type |
|---|---|---|---|---|---|---|---|---|---|---|---|---|---|---|---|---|---|
| Library of Congress Classification | Non-fiction | Antipolo College Library | Antipolo College Library | Foreign Section | 10/23/2025 | Purchased | LB 2013 .R6313 2015 | URSANT-06154 | 04/07/2026 | 1 | 04/07/2026 | Foreign Books |